000 00316 a2200169 4500
001 183221
020 _a
040 _cMagnum
100 _a-
240 1 0 _aPalavra viva
_lpor
245 1 0 _aPalavra viva
300 _a141
362 0 _a1988
440 1 _aPositivo
697 _aLITERATURA GERAL
942 _cBK
999 _c183221
_d183221